Statistics for Tenerife | Municipalities by Population 2021

Click here to take the quiz!

General Stats

  • This quiz has been taken 10 times
  • The average score is 1 of 31

Answer Stats

Pop.Municipality% Correct
208,103Santa Cruz de Tenerife
100%
158,117San Cristóbal de La Laguna
25%
83,097Arona
13%
48,822Adeje
0%
5,593Arafo
0%
8,343Arico
0%
4,765Buenavista del Norte
0%
28,614Candelaria
0%
17,559El Rosario
0%
8,938El Sauzal
0%
2,862El Tanque
0%
2,821Fasnia
0%
4,921Garachico
0%
52,401Granadilla de Abona
0%
21,871Guía de Isora
0%
21,001Güímar
0%
23,492Icod de los Vinos
0%
5,528La Guancha
0%
9,134La Matanza de Acentejo
0%
42,546La Orotava
0%
9,172La Victoria de Acentejo
0%
37,256Los Realejos
0%
4,694Los Silos
0%
30,326Puerto de la Cruz
0%
4,892San Juan de la Rambla
0%
22,057San Miguel de Abona
0%
15,043Santa Úrsula
0%
11,101Santiago del Teide
0%
24,365Tacoronte
0%
11,346Tegueste
0%
1,790Vilaflor de Chasna
0%

Score Distribution

Percentile by Number Answered

Percent of People with Each Score

Your Score History

You have not taken this quiz